High Scoring Scrabble Words (4 Letters) Quiz Stats

 Plays Quiz Updated Jan 31, 2018

Challenge
Share
Tweet
Embed
Score 0/79 Timer 12:00
0 Plays Today
Points Word % Correct
22QUIZ
81.4%
15QUIP
53.4%
19*JAZZ
52.6%
17JACK
41.4%
15ZIPS
36.1%
16QUAY
35.5%
15MAZE
35.4%
15ZOOM
34%
15*FIZZ
33.2%
15JOKE
31.6%
15ZAPS
31.5%
16HAZE
30.4%
15*FUZZ
29.5%
17JOCK
28.7%
19HAZY
28.5%
18JINX
28.3%
16FAZE
27.4%
15JUMP
27%
16LAZY
26.6%
17FOXY
26.3%
15ZINC
25.4%
16ZANY
24.4%
15JUNK
23%
17WAXY
22.1%
16BOXY
21.8%
19WHIZ
18.9%
18COZY
18.2%
15JUKE
18.1%
15JERK
16.4%
16QUEY
14.7%
18MAZY
14.4%
16POXY
14.3%
17DOZY
12%
15JINK
10.6%
17ZONK
9.6%
16FUZE
9.5%
18JOKY
9%
15JAMB
8.8%
17JIFF
8.1%
15BOZO
8%
Points Word % Correct
15DOXY
7.6%
16PIXY
6.9%
15PUTZ
6.6%
15CZAR
5.8%
20JEEZ
5.6%
15ZEPS
5.5%
15ZEBU
5.4%
15BIZE
5%
16OOZY
4.8%
18CHEZ
4.7%
19FOZY
4.7%
17JIVY
4.4%
15SPAZ
4.1%
15HADJ
4%
16FRIZ
4%
16FUTZ
3.9%
18QOPH
3.8%
15JIMP
3.4%
15JIBB
3.3%
16ZARF
3%
15PREZ
2.9%
17ZEKS
2.9%
15DEXY
2.7%
15MEZE
2.6%
18ZYME
2.4%
16SIZY
2.3%
18PHIZ
2.1%
17ZOUK
2%
15JUKU
1.9%
17ZERK
1.9%
16YUTZ
1.7%
18JEUX
1.6%
16OYEZ
1.6%
15MOZO
1.4%
15ZOIC
1.4%
15JOUK
1.3%
17KOJI
1.2%
15JAUK
1.1%
15WYCH
1.1%

You're not logged in!

Compare scores with friends on all Sporcle quizzes.
Join for Free
OR
Log In

You Might Also Like...

Show Comments

Extras

Top Quizzes Today


Score Distribution

Your Account Isn't Verified!

In order to create a playlist on Sporcle, you need to verify the email address you used during registration. Go to your Sporcle Settings to finish the process.

Report this User

Report this user for behavior that violates our Community Guidelines.

Details: